The Structure and evolution of normal galaxies /

Bibliographic Details
Corporate Author: North Atlantic Treaty Organization
Other Authors: Fall, S. M. (S. Michael), Lynden-Bell, D.
Format: Book
Language:English
Published: Cambridge [England] ; New York : Cambridge University Press, 1981.
Subjects:

MARC

Tag First Indicator Second Indicator Subfields
LEADER 00000cam a2200000 a 4500
001 in00000086524
005 20151008064541.0
008 810619s1981 enka b 00100 eng
010 |a  80042026  
015 |a GB*** 
019 |a 7433636 
020 |a 0521239079 
035 |a (OCoLC)07419629 
035 |9 AAK4384AM 
039 0 |a 2  |b 3  |c 3  |d 3  |e 3 
040 |a DLC  |c DLC  |d TXA  |d UtOrBLW 
049 |a TXAM  |c [1633063] 
050 0 0 |a QB857  |b .S862 
082 0 |a 523.1/12  |2 19 
245 0 4 |a The Structure and evolution of normal galaxies /  |c edited by S.M. Fall and D. Lynden-Bell. 
264 1 |a Cambridge [England] ;  |a New York :  |b Cambridge University Press,  |c 1981. 
300 |a xiii, 272 pages :  |b illustrations ;  |c 24 cm. 
336 |a text  |b txt  |2 rdacontent 
337 |a unmediated  |b n  |2 rdamedia 
338 |a volume  |b nc  |2 rdacarrier 
500 |a "North Atlantic Treaty Oganization, Advanced Study Institute held at the Institute of Astronomy and Clare College, Cambridge, 3-15 August, 1980." 
504 |a Includes bibliographies and indexes. 
650 0 |a Galaxies. 
700 1 |a Fall, S. M.  |q (S. Michael) 
700 1 |a Lynden-Bell, D. 
710 2 |a North Atlantic Treaty Organization. 
999 |a MARS 
999 f f |s 4c05bdad-5df9-36f0-b748-51002e82b789  |i 53830161-3f96-3c8d-b57a-4cec944222a2  |t 0 
952 f f |p ric  |a Texas A&M University  |b Rellis Campus  |c Joint Library Facility  |d Remote Storage  |t 0  |e QB857 .S862  |h Library of Congress classification  |i unmediated -- volume  |m A14806206847 
998 f f |a QB857 .S862  |t 0  |l Remote Storage